[Event "26th EUR-ch"]
[Site "Katowice POL"]
[Date "2026.04.10"]
[Round "4.67"]
[White "Atoyan, Alberto"]
[Black "Lopez Martinez, Josep Manuel"]
[Result "1-0"]
[WhiteElo "2342"]
[BlackElo "2510"]
[EventDate "2026.04.07"]
[PlyCount "105"]

1.e4 c5 2.Nc3 e6 3.Nf3 a6 4.g3 Nc6 5.Bg2 Nf6 6.O-O d6 7.d4 cxd4 8.Nxd4 Bd7
9.a4 Be7 10.Nxc6 Bxc6 11.a5 O-O 12.Be3 Rc8 13.Qd2 Qc7 14.Rfd1 Qb8 15.h3 
Rfd8 16.Bb6 Re8 17.Be3 h6 18.Qd3 Red8 19.Bb6 Rd7 20.Qe3 Bd8 21.Rd2 Bxb6 
22.Qxb6 Rcd8 23.Rad1 Qc8 24.Rd4 d5 25.exd5 exd5 26.Qc5 Rc7 27.Qb6 Rcd7 28.
Qb3 Re8 29.Kh2 Qc7 30.Nxd5 Bxd5 31.Bxd5 Re2 32.Kg2 Rxc2 33.Bf3 Qc5 34.Qb4 
Rxd4 35.Rxd4 Qe5 36.Rd2 Rc1 37.Bxb7 Kh7 38.Rd8 Qe2 39.g4 Qf1+ 40.Kg3 Rc4 
41.Qb3 Qg1+ 42.Kf3 Rc1 43.Qd3+ g6 44.Qb3 Kg7 45.Qb4 Qh1+ 46.Ke3 Re1+ 47.
Kd2 Rd1+ 48.Kc2 Rc1+ 49.Kb3 Qxh3+ 50.Ka2 g5 51.Be4 Nxg4 52.Qd4+ Nf6 53.Rd6
1-0

[Event "26th EUR-ch"]
[Site "Katowice POL"]
[Date "2026.04.10"]
[Round "4.68"]
[White "Dubnevych, Maksym"]
[Black "Davtian, Artur"]
[Result "0-1"]
[WhiteElo "2341"]
[BlackElo "2510"]
[EventDate "2026.04.07"]
[PlyCount "106"]

1.e4 e5 2.Nf3 Nc6 3.Bc4 Bc5 4.c3 Nf6 5.d4 exd4 6.e5 d5 7.Be2 Ne4 8.cxd4 
Bb4+ 9.Bd2 Bxd2+ 10.Nbxd2 O-O 11.O-O Bf5 12.Bb5 Ne7 13.Qe2 Ng6 14.Qe3 f6 
15.Nxe4 dxe4 16.Nd2 fxe5 17.dxe5 Nxe5 18.Nxe4 Bxe4 19.Qxe4 Nf3+ 20.Kh1 Nd2
21.Qe6+ Kh8 22.Rfd1 Qd4 23.Qe3 Qxe3 24.fxe3 Rad8 25.Rac1 c6 26.Be2 g6 27.
Kg1 Kg7 28.Rc2 Ne4 29.Rxd8 Rxd8 30.Bf3 Ng5 31.Kf2 Re8 32.Rd2 Kf6 33.b4 Re7
34.a4 Ne4+ 35.Bxe4 Rxe4 36.Rb2 Ke6 37.Ke2 b6 38.a5 b5 39.Kd3 Kd5 40.g3 a6 
41.h3 h5 42.Rb1 Rc4 43.Rb2 Ke5 44.Rb1 g5 45.Rb2 Rc1 46.Rd2 Rg1 47.Rc2 Kd6 
48.Rc5 Rxg3 49.h4 Rg4 50.e4 Rg3+ 51.Ke2 gxh4 52.Rxh5 h3 53.Kf2 Rc3 0-1

[Event "26th EUR-ch"]
[Site "Katowice POL"]
[Date "2026.04.10"]
[Round "4.69"]
[White "Csiki, Endre"]
[Black "Samadov, Read"]
[Result "0-1"]
[WhiteElo "2339"]
[BlackElo "2508"]
[EventDate "2026.04.07"]
[PlyCount "82"]

1.e4 c5 2.Nf3 d6 3.d4 cxd4 4.Qxd4 Nc6 5.Bb5 a6 6.Bxc6+ bxc6 7.Qc3 Bb7 8.e5
e6 9.exd6 Nf6 10.Na3 Bxd6 11.Nc4 Be7 12.Bf4 c5 13.Rd1 Bd5 14.O-O O-O 15.
Rfe1 Ra7 16.Nfe5 Qa8 17.f3 Rd8 18.b3 Qb7 19.Qa5 Ne8 20.Ne3 f6 21.Nxd5 exd5
22.Nc4 Kf7 23.Ne3 Rd7 24.c4 d4 25.Nd5 Qc6 26.Qd2 g6 27.Re2 Ng7 28.Rde1 h5 
29.Bb8 Rab7 30.Qh6 Bf8 31.Bg3 Rxd5 32.cxd5 Qxd5 33.Qd2 Nf5 34.Qd3 h4 35.
Bf4 h3 36.g3 Bd6 37.Bxd6 Nxd6 38.Qxa6 d3 39.Rd2 c4 40.bxc4 Qc5+ 41.Kh1 Ra7
0-1

[Event "26th EUR-ch"]
[Site "Katowice POL"]
[Date "2026.04.10"]
[Round "4.70"]
[White "Nasuta, Grzegorz"]
[Black "Prazak, Daniel"]
[Result "1/2-1/2"]
[WhiteElo "2506"]
[BlackElo "2339"]
[EventDate "2026.04.07"]
[PlyCount "50"]

1.d4 d5 2.Nf3 Nf6 3.c3 Bf5 4.Qb3 Qc8 5.c4 dxc4 6.Qxc4 e6 7.g3 Nbd7 8.Bg2 
Nb6 9.Qb3 a5 10.O-O a4 11.Qd1 h6 12.Nc3 Be7 13.Ne5 O-O 14.e4 Bh7 15.Qe2 c5
16.d5 exd5 17.exd5 Bd6 18.Nc4 Nxc4 19.Qxc4 Qd7 20.Nb5 Be5 21.f4 Bb8 22.Bd2
Ne8 23.Rfe1 Nd6 24.Nxd6 Bxd6 25.Bf1 Bf5 1/2-1/2

[Event "26th EUR-ch"]
[Site "Katowice POL"]
[Date "2026.04.10"]
[Round "4.71"]
[White "Papakonstantinou, Dimitrios"]
[Black "Travadon, Loic"]
[Result "0-1"]
[WhiteElo "2338"]
[BlackElo "2505"]
[EventDate "2026.04.07"]
[PlyCount "102"]

1.c4 e5 2.Nc3 d6 3.Nf3 f5 4.d4 e4 5.Ng5 c6 6.f3 Be7 7.Nh3 Nf6 8.Qb3 Na6 9.
Bg5 h6 10.Bxf6 Bxf6 11.O-O-O exf3 12.gxf3 Qb6 13.Qxb6 axb6 14.Nf4 g5 15.
Nh5 Be7 16.f4 Bd7 17.e3 Nc7 18.Bd3 Rf8 19.a3 Ra5 20.Rhf1 Kd8 21.Rf2 g4 22.
Ne2 d5 23.h3 dxc4 24.Bxc4 b5 25.Bb3 b4 26.a4 Nd5 27.Bxd5 cxd5 28.b3 b5 29.
axb5 Bh4 30.Rh2 g3 31.Rg2 Bxb5 32.Kb2 Bxe2 33.Rxe2 Kd7 34.Ra1 Rxa1 35.Kxa1
Rg8 36.Rg2 Ke6 37.Kb1 Kf7 38.Kc1 Kg6 39.Nxg3 Kf7 40.Nxf5 Rxg2 41.Nxh4 Rg3 
42.Kd2 Rxh3 43.Nf5 Rh2+ 44.Kd3 h5 45.e4 Rh3+ 46.Ne3 Rf3 47.exd5 Rxf4 48.
Nc4 Rf3+ 49.Ke4 Rxb3 50.d6 Rc3 51.Kd5 Rxc4 0-1

[Event "26th EUR-ch"]
[Site "Katowice POL"]
[Date "2026.04.10"]
[Round "4.72"]
[White "Gagic, Milan"]
[Black "Kilic, Eray"]
[Result "1/2-1/2"]
[WhiteElo "2337"]
[BlackElo "2502"]
[EventDate "2026.04.07"]
[PlyCount "186"]

1.Nf3 d5 2.g3 Nc6 3.d4 Bf5 4.Bg2 Nb4 5.Na3 e6 6.O-O Be7 7.c3 Nc6 8.Qa4 Nf6
9.Ne5 O-O 10.Nxc6 bxc6 11.Bg5 c5 12.Nc2 Nd7 13.Bxe7 Qxe7 14.Ne3 Bg6 15.b4 
Nb6 16.Qb5 cxd4 17.cxd4 Rab8 18.Qa5 Nc8 19.a3 Nd6 20.Rac1 Rfc8 21.Rfd1 Qd7
22.Ng4 f6 23.Ne3 c6 24.Qa4 Rb5 25.h4 a5 26.Rc5 axb4 27.Rxb5 cxb5 28.Qxb4 
Qc6 29.Bf3 Be4 30.Bxe4 Nxe4 31.Ng2 Nc3 32.Rd2 Ne4 33.Rd1 Qd7 34.Nf4 Rc4 
35.Qa5 Kf7 36.Qb6 Rc6 37.Qb8 Rc8 38.Qb6 Nd6 39.Rb1 Rc6 40.Qb8 Rc8 41.Qb6 
Qc7 42.Qa6 Qc6 43.Qa7+ Qc7 44.Qa6 Qc2 45.Rf1 Qc6 46.Qa7+ Qc7 47.Qa6 Qd8 
48.Qa7+ Qe7 49.Qa6 Rc4 50.e3 Qc7 51.Qa8 Qc8 52.Qa7+ Qb7 53.Qa5 Ke7 54.Rb1 
Qc6 55.Qa7+ Qd7 56.Qb8 Rc8 57.Qb6 Qc7 58.Qa6 Qc2 59.Rxb5 Nxb5 60.Qxe6+ Kf8
61.Qd7 Qb1+ 62.Kh2 Re8 63.Ne6+ Rxe6 64.Qxe6 Qc2 65.Kg2 Qe4+ 66.Qxe4 dxe4 
67.a4 Nc7 68.f3 exf3+ 69.Kxf3 Ke7 70.e4 Kd6 71.g4 Na6 72.Kf4 Nb4 73.Ke3 
Nc6 74.Kd3 Na5 75.Kc3 Kc6 76.Kb4 Kb6 77.Kc3 Nb7 78.Kc4 Kc6 79.h5 Nd6+ 80.
Kd3 Kd7 81.a5 Kc6 82.a6 Kb6 83.e5 fxe5 84.dxe5 Ne8 85.Ke4 Nc7 86.Kf5 Kxa6 
87.h6 gxh6 88.Kf6 Kb6 89.Kg7 Kc6 90.Kxh7 Kd5 91.Kxh6 Ne6 92.g5 Nxg5 93.
Kxg5 Kxe5 1/2-1/2

[Event "26th EUR-ch"]
[Site "Katowice POL"]
[Date "2026.04.10"]
[Round "4.73"]
[White "Kacharava, Nikolozi"]
[Black "Unat, Can Haktan"]
[Result "1-0"]
[WhiteElo "2500"]
[BlackElo "2333"]
[EventDate "2026.04.07"]
[PlyCount "117"]

1.e4 c5 2.Nf3 Nc6 3.Bb5 d6 4.O-O Bd7 5.Re1 a6 6.Bxc6 Bxc6 7.d4 cxd4 8.Nxd4
Rc8 9.Nc3 e6 10.h3 Nf6 11.Nxc6 Rxc6 12.Nd5 Rc8 13.Nxf6+ Qxf6 14.c3 Qd8 15.
Qg4 Qa5 16.Bf4 h5 17.Qf3 h4 18.Red1 Rc6 19.Rd3 Be7 20.a3 Qh5 21.Qe3 O-O 
22.Rad1 Qb5 23.Qe2 Qc4 24.Qg4 Qxe4 25.Bxd6 Qxg4 26.hxg4 Bxd6 27.Rxd6 Rfc8 
28.Kf1 Kf8 29.Ke2 Rxd6 30.Rxd6 Ke7 31.Rb6 Rb8 32.g5 f6 33.f4 Kf7 34.Kf3 
Rd8 35.Rxb7+ Kg6 36.gxf6 gxf6 37.Rb6 Rd2 38.Rxe6 Rxb2 39.Rxa6 Rb3 40.Kg4 
Rb2 41.f5+ Kg7 42.Kxh4 Rxg2 43.a4 Ra2 44.Kh5 Rg2 45.Ra5 Kf7 46.Rb5 Ke7 47.
a5 Ra2 48.Rb7+ Kf8 49.Kg6 Rxa5 50.Rb6 Rc5 51.Rxf6+ Ke7 52.Re6+ Kf8 53.Ra6 
Rxc3 54.Ra8+ Ke7 55.f6+ Ke6 56.Re8+ Kd7 57.f7 Rg3+ 58.Kh5 Rh3+ 59.Kg4 1-0

[Event "26th EUR-ch"]
[Site "Katowice POL"]
[Date "2026.04.10"]
[Round "4.74"]
[White "Zawadzka, Jolanta"]
[Black "Velten, Paul"]
[Result "1/2-1/2"]
[WhiteElo "2324"]
[BlackElo "2500"]
[EventDate "2026.04.07"]
[PlyCount "83"]

1.e4 e6 2.d4 d5 3.Nc3 Bb4 4.Ne2 Nf6 5.e5 Nfd7 6.a3 Be7 7.Be3 c5 8.f4 Nc6 
9.dxc5 Bxc5 10.Bxc5 Nxc5 11.Nd4 O-O 12.Qd2 Qb6 13.O-O-O Rd8 14.h4 Bd7 15.
Rh3 Rac8 16.Kb1 Be8 17.Nxc6 bxc6 18.Qd4 Rb8 19.Na2 Qb7 20.Ka1 Qe7 21.h5 
Rb6 22.h6 g6 23.g4 Rdb8 24.Rb1 Ne4 25.Bg2 c5 26.Qe3 Qb7 27.b3 c4 28.b4 a5 
29.Bxe4 dxe4 30.Qc3 Ra6 31.b5 a4 32.Qe1 Rb6 33.Nc3 Bxb5 34.Qh4 Bc6 35.Rhh1
Rb2 36.Qf6 Kf8 37.Qh8+ Ke7 38.Qf6+ Ke8 39.Rhd1 e3 40.Qh8+ Ke7 41.Qf6+ Ke8 
42.Qh8+ 1/2-1/2

[Event "26th EUR-ch"]
[Site "Katowice POL"]
[Date "2026.04.10"]
[Round "4.75"]
[White "Cieslak, Patryk"]
[Black "Trushko, Andrii"]
[Result "1/2-1/2"]
[WhiteElo "2495"]
[BlackElo "2325"]
[EventDate "2026.04.07"]
[PlyCount "154"]

1.e4 c6 2.d4 d5 3.e5 Bf5 4.h4 h5 5.c4 e6 6.Nc3 Be7 7.Bd3 Bxd3 8.Qxd3 dxc4 
9.Qxc4 Nh6 10.Bxh6 Rxh6 11.Nf3 Nd7 12.g3 Rh8 13.Kf1 g6 14.Kg2 Kf8 15.Rhd1 
Kg7 16.Rac1 Rc8 17.a3 Nb6 18.Qe2 Nd5 19.Ne4 Qb6 20.Rc2 Qb5 21.Qd2 b6 22.
Rdc1 c5 23.Rc4 Rcd8 24.dxc5 bxc5 25.Nxc5 Nb6 26.Rd4 Rc8 27.Nd3 Rxc1 28.
Qxc1 Rc8 29.Qd2 Bc5 30.Nxc5 Rxc5 31.Qb4 Qc6 32.Rd6 Qc7 33.Rd2 Nc4 34.Re2 
Qc6 35.Qe1 a5 36.b4 axb4 37.axb4 Rd5 38.Kh2 Rd3 39.Ng5 Qd5 40.Re4 Rd4 41.
Qe2 Rxe4 42.Qxe4 Nxe5 43.Qxd5 exd5 44.b5 f6 45.Ne6+ Kf7 46.Nf4 d4 47.b6 g5
48.Nd3 Nc6 49.Kg2 Ke6 50.Kf3 Kd5 51.b7 Nb8 52.Ke2 Kc6 53.g4 Kxb7 54.gxh5 
Nd7 55.h6 Nf8 56.hxg5 fxg5 57.Kf3 Kc6 58.Kg4 Kd5 59.Kf5 g4 60.Nf4+ Kc4 61.
Kxg4 d3 62.Kf3 Kd4 63.Ng2 Ke5 64.Kg4 Kf6 65.Kh5 d2 66.Ne3 Ne6 67.Nd5+ Kf7 
68.Nc3 Nf4+ 69.Kg4 Nd3 70.f4 Kg6 71.f5+ Kxh6 72.Nd1 Ne5+ 73.Kf4 Nf7 74.Nf2
Nd6 75.f6 Kg6 76.Ke3 Kxf6 77.Kxd2 Ke5 1/2-1/2

[Event "26th EUR-ch"]
[Site "Katowice POL"]
[Date "2026.04.10"]
[Round "4.76"]
[White "Bracker, Frank"]
[Black "Macias Pino, Diego"]
[Result "0-1"]
[WhiteElo "2332"]
[BlackElo "2495"]
[EventDate "2026.04.07"]
[PlyCount "62"]

1.c4 e5 2.g3 d6 3.Bg2 f5 4.Nc3 Be7 5.Nf3 Nf6 6.O-O O-O 7.b4 a6 8.d3 Qe8 9.
Rb1 h6 10.a4 Be6 11.b5 axb5 12.axb5 Nbd7 13.Nd2 f4 14.h3 fxg3 15.fxg3 Qh5 
16.e3 Qg6 17.Nde4 c6 18.bxc6 bxc6 19.Nxf6+ Nxf6 20.Rb7 Rf7 21.g4 Raf8 22.
Qe2 h5 23.gxh5 Nxh5 24.Rxf7 Rxf7 25.Ne4 Bxh3 26.Rb6 Bh4 27.Rb8+ Kh7 28.Kh2
Ng3 29.Qa2 Bxg2 30.Qxg2 Rf1 31.Bd2 Rh1+ 0-1

[Event "26th EUR-ch"]
[Site "Katowice POL"]
[Date "2026.04.10"]
[Round "4.77"]
[White "Patrelakis, Evaggelos"]
[Black "Krasteva, Beloslava"]
[Result "1/2-1/2"]
[WhiteElo "2490"]
[BlackElo "2332"]
[EventDate "2026.04.07"]
[PlyCount "141"]

1.e4 e5 2.Nf3 Nc6 3.Bc4 d6 4.d4 Nf6 5.Nc3 Bg4 6.d5 Nd4 7.Be3 a6 8.Bxd4 
exd4 9.Qxd4 Bxf3 10.gxf3 g6 11.e5 Qe7 12.e6 Bg7 13.O-O-O O-O 14.Qh4 fxe6 
15.Rhe1 e5 16.f4 Kh8 17.fxe5 dxe5 18.f4 Nxd5 19.Qxe7 Nxe7 20.fxe5 b5 21.
Rd7 Rae8 22.Bb3 c5 23.a4 c4 24.Ba2 Nc6 25.e6 b4 26.Nd1 b3 27.cxb3 Ne5 28.
e7 Rf7 29.Rd8 Rxe7 30.Rxe8+ Rxe8 31.Kb1 cxb3 32.Bxb3 Rb8 33.Bc2 Nc4 34.Bd3
Nxb2 35.Nxb2 Bxb2 36.Kc2 Bf6 37.Rb1 Rc8+ 38.Kd2 a5 39.Rb5 Bc3+ 40.Ke2 Re8+
41.Kf3 Rd8 42.Be4 Be1 43.Re5 Rf8+ 44.Ke2 Bc3 45.Rc5 Bb4 46.Rc4 Rd8 47.Bd3 
Kg7 48.h3 Rd7 49.Ke3 Rd5 50.Be2 h5 51.Bf3 Rg5 52.Rc6 Rg3 53.Kf2 Rxh3 54.
Be4 Rh2+ 55.Kg3 Rb2 56.Rxg6+ Kf7 57.Ra6 Be1+ 58.Kf4 h4 59.Bd5+ Kg7 60.Ra7+
Kf6 61.Ra6+ Kg7 62.Ra7+ Kf8 63.Rf7+ Ke8 64.Rh7 Kd8 65.Bc6 Rb3 66.Rd7+ Kc8 
67.Rh7 Rc3 68.Bd5 Kd8 69.Be6 Ra3 70.Kf5 Rf3+ 71.Ke4 1/2-1/2

[Event "26th EUR-ch"]
[Site "Katowice POL"]
[Date "2026.04.10"]
[Round "4.78"]
[White "Kucza, Karol"]
[Black "Gharibian, Mamikon"]
[Result "0-1"]
[WhiteElo "2319"]
[BlackElo "2487"]
[EventDate "2026.04.07"]
[PlyCount "120"]

1.e4 c6 2.d4 d5 3.e5 Bf5 4.Nf3 e6 5.Be2 Nd7 6.O-O a5 7.a4 f6 8.Bd3 Bxd3 9.
Qxd3 fxe5 10.dxe5 Nc5 11.Qd4 Qd7 12.Nc3 b6 13.b4 axb4 14.Qxb4 Nd3 15.Qxb6 
Bc5 16.Qb1 Nxc1 17.Qxc1 Ne7 18.a5 O-O 19.Ra4 Ng6 20.Qd2 Qc7 21.Re1 Rxa5 
22.Nxd5 Bxf2+ 23.Qxf2 cxd5 24.Rxa5 Qxa5 25.Qd2 Qxd2 26.Nxd2 Rc8 27.Nf3 
Rxc2 28.Nd4 Rc7 29.Nxe6 Re7 30.Nd4 Nxe5 31.Ra1 Kf7 32.Ra5 Ng4 33.Ra1 Re4 
34.Rf1+ Nf6 35.Rd1 g5 36.h3 h5 37.Kf2 Kg6 38.Ne2 Rc4 39.Ke3 Re4+ 40.Kf3 
Ra4 41.Rd3 Kf5 42.Rb3 Ke5 43.g3 Ne4 44.Re3 Ra1 45.Nc3 Rf1+ 46.Kg2 Rf2+ 47.
Kg1 Rc2 48.Nxe4 dxe4 49.Ra3 Kd4 50.Kf1 e3 51.Ra5 g4 52.hxg4 hxg4 53.Ra8 
Rf2+ 54.Kg1 Ke4 55.Re8+ Kf3 56.Re7 Rg2+ 57.Kh1 Rb2 58.Rf7+ Kxg3 59.Rf1 e2 
60.Rf3+ gxf3 0-1

[Event "26th EUR-ch"]
[Site "Katowice POL"]
[Date "2026.04.10"]
[Round "4.79"]
[White "David, Alexandru-Vasile"]
[Black "Ahmad, Khagan"]
[Result "1-0"]
[WhiteElo "2314"]
[BlackElo "2483"]
[EventDate "2026.04.07"]
[PlyCount "101"]

1.d4 Nf6 2.c4 e6 3.Nc3 Bb4 4.e3 O-O 5.Bd3 d5 6.cxd5 exd5 7.Nf3 Bg4 8.O-O 
Bd6 9.Qb3 Nc6 10.a3 Bxf3 11.gxf3 Qd7 12.Ne2 h5 13.Kg2 Ne7 14.Qc2 Ng6 15.
Bxg6 fxg6 16.Qxg6 Rae8 17.Kh1 Re6 18.Qg2 Qb5 19.Rg1 Rf7 20.Nc3 Qd3 21.Qg6 
Qa6 22.Qc2 c5 23.dxc5 Bxc5 24.b4 d4 25.bxc5 dxc3 26.e4 Qc6 27.Be3 Nxe4 28.
fxe4 Rxe4 29.Rg2 Rg4 30.f4 Rd7 31.Rg1 Qf3 32.c6 bxc6 33.Qe2 Qe4 34.Bc5 Qd5
35.h3 Rxf4 36.Qe8+ Kh7 37.Qg6+ Kg8 38.Rb1 Rff7 39.Rb8+ Rd8 40.Rxd8+ Qxd8 
41.Qxc6 Rc7 42.Qe6+ Kh8 43.Qe5 c2 44.Qxh5+ Kg8 45.Rxc2 Qd7 46.Re2 Qc6+ 47.
Kh2 Rf7 48.Qe5 Qa6 49.Rb2 Qg6 50.Rg2 Qc6 51.Bxa7 1-0

[Event "26th EUR-ch"]
[Site "Katowice POL"]
[Date "2026.04.10"]
[Round "4.80"]
[White "Saraci, Nderim"]
[Black "Qalichava, Akaki"]
[Result "1/2-1/2"]
[WhiteElo "2483"]
[BlackElo "2322"]
[EventDate "2026.04.07"]
[PlyCount "109"]

1.d4 Nf6 2.c4 e6 3.Nc3 Bb4 4.Qc2 c5 5.Nf3 Nc6 6.dxc5 Bxc5 7.a3 O-O 8.Bg5 
Be7 9.e3 h6 10.Bh4 d5 11.Rd1 Qa5 12.Nd2 d4 13.Nb3 Qh5 14.Bxf6 Bxf6 15.exd4
a5 16.Ne4 a4 17.Nxf6+ gxf6 18.Nc1 Rd8 19.Ne2 b5 20.Ng3 Qg5 21.d5 exd5 22.
cxb5 Qe5+ 23.Be2 Nd4 24.Qd2 Nxe2 25.Nxe2 Re8 26.f3 d4 27.Kf2 d3 28.Qxd3 
Bf5 29.Qd2 Rad8 30.Nd4 Bg6 31.Qc3 Rc8 32.Nc6 Qxb5 33.Nd4 Qb6 34.Qb4 Rc2+ 
35.Kg3 Qxb4 36.axb4 Rxb2 37.Ra1 Ra8 38.Nc6 a3 39.Ne7+ Kg7 40.Nxg6 Kxg6 41.
Rhb1 Rb8 42.Rf1 Rb3 43.Rfc1 R8xb4 44.Rc5 Ra4 45.Ra2 Kg7 46.Rc8 Ra5 47.h4 
Ra4 48.Rc6 Rb5 49.Rc3 Rba5 50.Kh3 Ra7 51.g3 f5 52.f4 R7a6 53.h5 Kf6 54.Re3
R4a5 55.Kg2 1/2-1/2

[Event "26th EUR-ch"]
[Site "Katowice POL"]
[Date "2026.04.10"]
[Round "4.81"]
[White "Diachek, Andrii"]
[Black "Sipila, Vilka"]
[Result "0-1"]
[WhiteElo "2309"]
[BlackElo "2479"]
[EventDate "2026.04.07"]
[PlyCount "104"]

1.c4 e5 2.Nc3 Bb4 3.Nd5 Be7 4.Nf3 d6 5.g3 Nf6 6.Nc3 c5 7.Bg2 Nc6 8.O-O Be6
9.d3 h6 10.b3 d5 11.cxd5 Nxd5 12.Bb2 Nb6 13.Rc1 O-O 14.e3 Bf5 15.Ne4 Nd7 
16.a3 Re8 17.Re1 Rc8 18.Nc3 Nf6 19.Ne4 Nxe4 20.dxe4 Qxd1 21.Rcxd1 Be6 22.
Nxe5 Nxe5 23.Bxe5 Bxb3 24.Rd7 b5 25.Rxa7 c4 26.Bc3 Ba4 27.Ra1 Bf6 28.Rc1 
Be7 29.Ra1 Bc5 30.Rb7 Rcd8 31.Bf1 Rxe4 32.Be2 Re7 33.Rxe7 Bxe7 34.Kf1 Bf6 
35.Bxf6 gxf6 36.Ke1 c3 37.Rc1 c2 38.Ra1 Kf8 39.Rc1 Ke7 40.h4 Rd5 41.Bf3 
Rd6 42.Be2 Kd8 43.g4 Kc7 44.f4 Kb6 45.e4 Kc5 46.e5 fxe5 47.fxe5 Rd5 48.g5 
hxg5 49.h5 Kd4 50.h6 Kc3 51.h7 Rd8 52.Bh5 Bb3 0-1

[Event "26th EUR-ch"]
[Site "Katowice POL"]
[Date "2026.04.10"]
[Round "4.82"]
[White "Bazakutsa, Svyatoslav"]
[Black "Gibala, Adam"]
[Result "1/2-1/2"]
[WhiteElo "2477"]
[BlackElo "2317"]
[EventDate "2026.04.07"]
[PlyCount "76"]

1.c4 e6 2.d4 Nf6 3.Nc3 Bb4 4.e3 O-O 5.Bd3 d5 6.Nf3 c5 7.O-O dxc4 8.Bxc4 
cxd4 9.exd4 h6 10.Ne5 Nc6 11.Nxc6 bxc6 12.Na4 Qc7 13.Qe2 Rd8 14.Rd1 e5 15.
Be3 e4 16.h3 Bf5 17.Rac1 Qd7 18.Nc5 Qe7 19.Bf4 Nd5 20.Bg3 e3 21.Nb3 Qg5 
22.Bxd5 exf2+ 23.Qxf2 Rxd5 24.a3 Bf8 25.Re1 Rb5 26.Nc5 a5 27.Rc3 Bg6 28.
Be5 Re8 29.Nd7 Qf5 30.Qxf5 Bxf5 31.Nxf8 Rxf8 32.Re2 Re8 33.Rf2 Be4 34.Rg3 
Bg6 35.Bd6 Re1+ 36.Kh2 a4 37.Bb4 Re4 38.Bc3 Rf5 1/2-1/2

[Event "26th EUR-ch"]
[Site "Katowice POL"]
[Date "2026.04.10"]
[Round "4.83"]
[White "Vasynda, Oleksandr"]
[Black "Tarhan, Adar"]
[Result "0-1"]
[WhiteElo "2306"]
[BlackElo "2477"]
[EventDate "2026.04.07"]
[PlyCount "132"]

1.d4 Nf6 2.c4 e6 3.Nc3 d5 4.Nf3 Be7 5.Bf4 O-O 6.e3 Nbd7 7.c5 c6 8.Bd3 b6 
9.b4 a5 10.a3 Ba6 11.O-O Bxd3 12.Qxd3 Nh5 13.Ne5 Nxe5 14.Bxe5 f6 15.Bg3 b5
16.Rfb1 Nxg3 17.hxg3 a4 18.e4 f5 19.exd5 exd5 20.Re1 Qd7 21.f4 Rae8 22.Ra2
Bf6 23.Rae2 Rxe2 24.Rxe2 Re8 25.Kf2 Rxe2+ 26.Nxe2 Qe6 27.Qe3 Qe4 28.Qxe4 
fxe4 29.g4 h6 30.Ke3 Bh4 31.g3 Bd8 32.Ng1 Kf7 33.Nh3 Be7 34.Nf2 Bf6 35.Nh3
Kg6 36.Nf2 h5 37.g5 Bd8 38.Nxe4 dxe4 39.Kxe4 Kf7 40.d5 Ke7 41.d6+ Ke6 42.
Ke3 Kf5 43.Kf3 g6 44.Ke3 Kg4 45.Kd3 h4 46.gxh4 Kxf4 47.Kd4 Kf5 48.Ke3 Kg4 
49.Ke4 Kxh4 50.Ke5 Kxg5 51.Ke6 Bf6 52.Kd7 Kf5 53.Kxc6 Ke6 54.Kxb5 g5 55.
Kc6 g4 56.b5 g3 57.b6 g2 58.b7 g1=Q 59.b8=Q Qh1+ 60.Kc7 Qh7+ 61.Kb6 Qb1+ 
62.Kc7 Qxb8+ 63.Kxb8 Kd5 64.Kb7 Kxc5 65.Ka6 Kc4 66.Ka5 Kb3 0-1

[Event "26th EUR-ch"]
[Site "Katowice POL"]
[Date "2026.04.10"]
[Round "4.84"]
[White "Zlatkov, Anton"]
[Black "Akbas, Umut Ata"]
[Result "1-0"]
[WhiteElo "2299"]
[BlackElo "2470"]
[EventDate "2026.04.07"]
[PlyCount "89"]

1.e4 e5 2.Nf3 Nc6 3.Bc4 Nf6 4.d3 Bc5 5.Bg5 h6 6.Bh4 d6 7.c3 a6 8.Nbd2 Ba7 
9.O-O Qe7 10.a4 Be6 11.b4 g5 12.Bg3 O-O 13.Re1 Kh8 14.b5 Na5 15.Bxe6 Qxe6 
16.d4 Nd7 17.Nf1 Bb6 18.Ne3 Nf6 19.dxe5 Nxe4 20.Nd5 Nxg3 21.Nxb6 cxb6 22.
exd6 Qf6 23.hxg3 Nc4 24.d7 axb5 25.axb5 Rad8 26.Qd5 Na5 27.Ne5 Kg7 28.Rad1
Qf5 29.g4 Qc2 30.Qd4 Nb3 31.Qxb6 Qxc3 32.Qxb7 Na5 33.Qd5 Ra8 34.Nxf7 Qf6 
35.Re8 Raxe8 36.dxe8=N+ Rxe8 37.Nd6 Rb8 38.b6 Qc3 39.Ne4 Qb2 40.Qxa5 Rxb6 
41.Rd7+ Kh8 42.Qc5 Rb8 43.Qe7 Qc1+ 44.Kh2 Qf4+ 45.Ng3 1-0

[Event "26th EUR-ch"]
[Site "Katowice POL"]
[Date "2026.04.10"]
[Round "4.85"]
[White "Dotzer, Lukas"]
[Black "Yilmaz, Baver"]
[Result "1-0"]
[WhiteElo "2469"]
[BlackElo "2321"]
[EventDate "2026.04.07"]
[PlyCount "93"]

1.e4 e5 2.Nf3 Nc6 3.Bb5 Nf6 4.d3 Ne7 5.O-O c6 6.Ba4 Ng6 7.Re1 Be7 8.d4 d6 
9.c3 O-O 10.Nbd2 b5 11.Bc2 a5 12.a4 Bd7 13.Nf1 Re8 14.Bb3 Bf8 15.Ng5 Re7 
16.Ng3 h6 17.Nf3 Qc7 18.h3 Ree8 19.Be3 Rab8 20.Re2 exd4 21.Bxd4 Ne5 22.Nh4
c5 23.Bxe5 dxe5 24.axb5 Bxb5 25.Rd2 Red8 26.Rxd8 Qxd8 27.Qxd8 Rxd8 28.Rxa5
Bd3 29.Nf3 Bxe4 30.Nxe4 Nxe4 31.Nxe5 Nd6 32.Ra7 Re8 33.f4 c4 34.Ba4 Rc8 
35.Kh2 g5 36.Bc6 gxf4 37.Bd5 Rc5 38.Nd7 Rc8 39.Nxf8 Rxf8 40.Rd7 Nf5 41.
Bxc4 Kg7 42.b4 Kf6 43.b5 Re8 44.b6 Re1 45.b7 Ng3 46.Rxf7+ Kg5 47.Rxf4 1-0

[Event "26th EUR-ch"]
[Site "Katowice POL"]
[Date "2026.04.10"]
[Round "4.86"]
[White "Hrbek, Stepan"]
[Black "Hnydiuk, Aleksander"]
[Result "1/2-1/2"]
[WhiteElo "2460"]
[BlackElo "2314"]
[EventDate "2026.04.07"]
[PlyCount "66"]

1.c4 Nf6 2.Nf3 c5 3.Nc3 d5 4.cxd5 Nxd5 5.d4 Nxc3 6.bxc3 g6 7.e3 Bg7 8.Bb5+
Bd7 9.Bd3 O-O 10.Rb1 Bc6 11.O-O Qa5 12.Qb3 Nd7 13.e4 Rac8 14.d5 c4 15.Qxc4
Ba4 16.Qb4 Bxc3 17.Qxa5 Bxa5 18.Be3 b6 19.Rfc1 Nc5 20.Bxc5 Rxc5 21.Rxc5 
bxc5 22.Bc4 Bb6 23.Ne1 Rd8 24.Kf1 Kf8 25.Ke2 e6 26.Rc1 exd5 27.Bxd5 f5 28.
f3 fxe4 29.fxe4 Ke7 30.Nd3 Bb5 31.Rb1 Ba6 32.Rc1 Bb5 33.Rb1 Ba6 1/2-1/2

[Event "26th EUR-ch"]
[Site "Katowice POL"]
[Date "2026.04.10"]
[Round "4.87"]
[White "Bodrogi, Bendeguz"]
[Black "Noy, Eyal"]
[Result "1-0"]
[WhiteElo "2454"]
[BlackElo "2300"]
[EventDate "2026.04.07"]
[PlyCount "155"]

1.Nf3 d5 2.g3 g6 3.Bg2 Bg7 4.d4 Nf6 5.O-O O-O 6.c4 c6 7.Qb3 Qb6 8.Nc3 Nbd7
9.Rd1 Rd8 10.cxd5 Qxb3 11.axb3 Nxd5 12.e4 Nxc3 13.bxc3 e5 14.dxe5 Re8 15.
Bf4 h6 16.h4 Nc5 17.Nd4 Bxe5 18.Bxe5 Rxe5 19.b4 Nd7 20.f4 Re8 21.b5 c5 22.
Nb3 a6 23.e5 Rb8 24.bxa6 bxa6 25.Na5 Nf8 26.Bc6 Re7 27.Rab1 Rxb1 28.Rxb1 
Rc7 29.Kf2 Kg7 30.Ke3 f6 31.Bd5 fxe5 32.fxe5 Re7 33.Nc6 Re8 34.Rf1 Be6 35.
c4 Nd7 36.Rd1 Nb6 37.Ke4 Bf5+ 38.Kf4 Bd7 39.Na5 g5+ 40.hxg5 hxg5+ 41.Ke4 
Bh3 42.Bc6 Re7 43.Rd2 Bf1 44.Bd5 Bh3 45.Rh2 Bg4 46.Rf2 Bd7 47.Rf6 Na4 48.
Rd6 Nc3+ 49.Kd3 Nxd5 50.Rxd5 Rf7 51.Rxc5 Rf3+ 52.Ke4 Bg4 53.e6 Kf6 54.e7 
Kxe7 55.Rxg5 Ra3 56.Rxg4 Rxa5 57.Rg6 Kd7 58.g4 Ra1 59.Kf5 Ra5+ 60.Ke4 Ra1 
61.Kd5 Rd1+ 62.Kc5 a5 63.Rg7+ Kc8 64.Kc6 Kb8 65.Kb6 Kc8 66.Kxa5 Rb1 67.g5 
Kb8 68.g6 Rg1 69.Kb6 Rb1+ 70.Kc6 Rg1 71.c5 Rg2 72.Rg8+ Ka7 73.Kc7 Rg1 74.
c6 Rg2 75.Kc8 Rg1 76.c7 Rd1 77.g7 Rd2 78.Rd8 1-0

[Event "26th EUR-ch"]
[Site "Katowice POL"]
[Date "2026.04.10"]
[Round "4.88"]
[White "Heimisson, Hilmir Freyr"]
[Black "Aizenberg, Benny"]
[Result "0-1"]
[WhiteElo "2297"]
[BlackElo "2451"]
[EventDate "2026.04.07"]
[PlyCount "76"]

1.d4 Nf6 2.c4 e6 3.Nf3 d5 4.Nc3 Bb4 5.Qb3 a5 6.cxd5 Qxd5 7.Qxd5 exd5 8.a3 
Bxc3+ 9.bxc3 Ne4 10.Bf4 c5 11.dxc5 Nd7 12.Nd4 Ndxc5 13.f3 Nxc3 14.Rc1 N3a4
15.Nb5 Ne6 16.Nd6+ Ke7 17.Bg3 Rd8 18.Nf5+ Kf8 19.Bd6+ Kg8 20.e4 dxe4 21.
fxe4 g6 22.Ne7+ Kg7 23.Be5+ f6 24.Ba1 Nac5 25.Nd5 Nxe4 26.Nb6 Rb8 27.Bb5 
Nf4 28.O-O g5 29.Rc2 Be6 30.g3 Nh3+ 31.Kg2 Rd6 32.Re2 Rxb6 33.Bd3 Nef2 34.
Rfxf2 Nxf2 35.Rxf2 Bd5+ 36.Kh3 Re8 37.Bd4 Rd6 38.Bb5 Bc6 0-1

[Event "26th EUR-ch"]
[Site "Katowice POL"]
[Date "2026.04.10"]
[Round "4.89"]
[White "Sousa, Andre Ventura"]
[Black "Bendayan Claros, Aaron"]
[Result "1-0"]
[WhiteElo "2447"]
[BlackElo "2296"]
[EventDate "2026.04.07"]
[PlyCount "85"]

1.e4 c5 2.Nf3 Nc6 3.Bb5 g6 4.O-O Bg7 5.Nc3 d6 6.e5 Bg4 7.h3 Bxf3 8.Qxf3 
Bxe5 9.Bxc6+ bxc6 10.Qxc6+ Kf8 11.d3 Rb8 12.Qa4 Qc7 13.Ne2 Bxb2 14.Bxb2 
Rxb2 15.Rfb1 Rb4 16.Rxb4 cxb4 17.Rc1 Nf6 18.c3 bxc3 19.Rxc3 Qb6 20.Rb3 Qc7
21.Qa6 Kg7 22.Rb7 Qc2 23.Rxe7 Re8 24.Rxe8 Nxe8 25.Ng3 Qb1+ 26.Kh2 Qb6 27.
Qa4 Nf6 28.Qf4 d5 29.f3 h6 30.Qe5 Qa6 31.h4 h5 32.d4 Qe6 33.Kg1 Qxe5 34.
dxe5 Nd7 35.f4 f6 36.e6 Nc5 37.f5 Ne4 38.Nxe4 dxe4 39.fxg6 Kf8 40.g4 hxg4 
41.h5 e3 42.g7+ Kxg7 43.h6+ 1-0

[Event "26th EUR-ch"]
[Site "Katowice POL"]
[Date "2026.04.10"]
[Round "4.90"]
[White "Lymar, Vladislav"]
[Black "Kuru, Atilla"]
[Result "0-1"]
[WhiteElo "2289"]
[BlackElo "2444"]
[EventDate "2026.04.07"]
[PlyCount "139"]

1.e4 c5 2.Nf3 d6 3.Bb5+ Nd7 4.a4 Nf6 5.Nc3 a6 6.Be2 g6 7.a5 Bg7 8.O-O O-O 
9.d3 b5 10.axb6 a5 11.Bf4 Bb7 12.Qc1 Qxb6 13.Nd2 d5 14.exd5 Nxd5 15.Nxd5 
Bxd5 16.c3 e5 17.Be3 Rfb8 18.Rb1 a4 19.Bf3 Qc6 20.Qc2 Bxf3 21.Nxf3 Nf8 22.
Nd2 Ne6 23.Ra1 Rd8 24.Rfd1 f5 25.f3 h5 26.Ra3 Kh7 27.Rda1 Qb5 28.Rxa4 Rxa4
29.Rxa4 Rxd3 30.Nf1 c4 31.Rb4 Qd5 32.b3 cxb3 33.Rxb3 Qc4 34.Rb4 Qxc3 35.
Qxc3 Rxc3 36.h4 Kg8 37.Rb6 Kf7 38.Rb7+ Rc7 39.Rxc7+ Nxc7 40.g3 Ke6 41.Kf2 
Kd5 42.Ke2 Ne6 43.Nd2 Bf8 44.Nb3 Bb4 45.Ba7 Bc3 46.Be3 Bd4 47.Nd2 Nc5 48.
Bg5 Na4 49.Nb1 e4 50.Bd2 Be5 51.Be1 Bd6 52.Ke3 Be5 53.fxe4+ fxe4 54.Ke2 
Nb2 55.Bc3 Nc4 56.Bxe5 Kxe5 57.Nc3 Nd6 58.Kd2 Kf5 59.Ke2 Ke5 60.Kd2 Nc4+ 
61.Ke2 Nb6 62.Nb5 Nd5 63.Kf2 Ne7 64.Nc3 Kd4 65.Ne2+ Kd3 66.Nf4+ Kd2 67.g4 
e3+ 68.Kf3 Nd5 69.Ng2 e2 70.Kf2 0-1